• 首页
  • 本馆介绍
  • 公告通知
  • 最新文献
  • 馆藏检索
  • 电子资源
  • 读者导购
  • 参考咨询
  • 我的图书馆
  • 登录
  • 详细信息显示
  • 放入我的书架
  • 预约/预借图书
  • 作者相关作品
  • 分类相关作品
  • 丛书相关作品
  • 出版社相关作品

书目信息

  • 表格格式
  • 工作单格式
  • 卡片格式
题名:
个人信用指南
    
 
作者: 张中秀 主编
分册:  
出版信息: 北京   中华工商联合出版社  2002.01
页数: 381页
开本: 20cm
丛书名:
单 册:
中图分类: F830.589
科图分类:
主题词: 个人--资信评估--基本知识 , 资信评估--个人--基本知识
电子资源:
ISBN: 7-80100-822-7
000 00877nam0 2200265 45
001 0000614737
005 20070611091001.15
010    @a7-80100-822-7@dCNY24.00
100    @a20020118d2002 ekmy0chiy0120 ea
101 0  @achi
102    @aCN@b110000
105    @aak an 000yy
200 1  @a个人信用指南@AGe Ren Xin Yong Zhi Nan@f张中秀主编@FZhang Zhong Xiu Zhu Bian
210    @a北京@c中华工商联合出版社@d2002.01
215    @a381页@c图@d20cm
320    @a有书目(第377~379页)
330    @a本书包括:个人信用制度概论;个人信用制度与经济运行;个人资信评估;人人资产评估;个人信用评分等内容。
333    @a读者对象:一般读者。
606    @a个人--资信评估@x基本知识
606    @a资信评估--个人@x基本知识
690    @aF830.589@v4
701  0 @a张中秀@AZhang Zhong Xiu@4主编
801  0 @aCN@b北京万源信海@c20070611
905    @aBZT@dF830.589@e1
906    @dCNY24.00@n0@r1
    
    个人信用指南/张中秀主编.-北京:中华工商联合出版社,2002.01
    381页:图;20cm
    使用对象:读者对象:一般读者。
    
    ISBN 7-80100-822-7:CNY24.00
    本书包括:个人信用制度概论;个人信用制度与经济运行;个人资信评估;人人资产评估;个人信用评分等内容。
●
相关链接 在五车中查询图书 在当当中查询图书 在豆瓣中查询图书


正题名:个人信用指南     索取号:F830.589/1         预约/预借

序号 登录号 条形码 馆藏地/架位号 状态 备注
1 550023   230137298   中心书库北库/ 北库035架B面1列2层53/ [索取号:F830.589/1] 在馆    
2 550024   230137299   中心书库北库/ 北库035架B面1列2层57/ [索取号:F830.589/1] 在馆    
3 550025   230137300   中心书库北库/ 北库035架B面1列2层48/ [索取号:F830.589/1] 在馆    
4 550026   230137297   中心书库北库/ 北库035架B面1列2层54/ [索取号:F830.589/1] 在馆    
5 550027   230137296   中心书库北库/ 北库035架B面1列2层50/ [索取号:F830.589/1] 在馆    
6 550028   230137295   中心书库北库/ 北库035架B面1列2层56/ [索取号:F830.589/1] 在馆    
7 550029   230137294   中心书库北库/ 北库035架B面1列2层49/ [索取号:F830.589/1] 在馆    
8 550030   230137293   中心书库北库/ 北库035架B面1列2层51/ [索取号:F830.589/1] 在馆    
9 550031   230137301   中心书库北库/ 北库035架B面1列2层55/ [索取号:F830.589/1] 在馆    
10 550032   230137302   中心书库北库/ 北库035架B面1列2层52/ [索取号:F830.589/1] 在馆    
山东省滨州职业学院图书馆 欢迎您!
大连网信软件有限公司© 版权所有